Những ví dụ, câu hỏi và bài tập hóa học Lưu hành nội bộ

Đã lưu trong:
书目详细资料
主要作者: Nguyễn Ngọc Thích
格式: 图书
出版: Tp.HCM Nxb Tp HCM 1995
主题:
标签: 添加标签
没有标签, 成为第一个标记此记录!
Thư viện lưu trữ: Trung tâm Học liệu Lê Vũ Hùng, Trường Đại học Đồng Tháp
LEADER 00927pam a22002538a 4500
001 00020585
005 20171026081022.0
008 110518s1995 ||||||Viesd
041 0 # |a Vie 
082 1 4 |a 540.76  |b NH556V 
100 0 # |a Nguyễn Ngọc Thích 
245 0 0 |a Những ví dụ, câu hỏi và bài tập hóa học  |b Lưu hành nội bộ  |c Nguyễn Ngọc Thích 
260 # # |a Tp.HCM  |b Nxb Tp HCM  |c 1995 
300 # # |a 116 tr.  |c 19 cm. 
500 # # |a Trường ĐH Kĩ thuật Tp HCM. Bộ môn Hóa 
650 # 4 |a Câu hỏi 
650 # 4 |a Hóa học 
653 # # |a Bài tập 
852 # # |b Kho giáo trình  |j KGT.0006476, KGT.0006477 
852 # # |b Kho mượn  |j KGT.0006476 
852 # # |b Kho đọc  |j KD.0005954 
852 # # |j KGT.0006477  |j KGT.0006476  |j KD.0005954 
910 0 # |a nhnam  |d 18/05/2011 
980 # # |a Trung tâm Học liệu Lê Vũ Hùng, Trường Đại học Đồng Tháp